Eros in Boystown Contemporary gay poems about sex

שמור ב:
מידע ביבליוגרפי
מחבר ראשי: Lassell, Michael
פורמט: ספר
שפה:אנגלית
יצא לאור: New York Crown Publishers 1996
תגים: הוספת תג
אין תגיות, היה/י הראשונ/ה לתייג את הרשומה!

MARC

LEADER 00000nam a2200000 4500
005 20240717193711.0
008 240717b |||||||| |||| 00| 0 eng d
020 |a 0517702800 
040 |c GP 
100 |a Lassell, Michael 
245 |a Eros in Boystown  |b Contemporary gay poems about sex 
260 |a New York  |b Crown Publishers  |c 1996 
942 |2 ddc  |c BK  |n 0 
952 |0 0  |1 0  |2 ddc  |4 0  |6 811_000000000000000_LAS  |7 1  |9 1642  |a RM  |b RM  |d 2024-07-17  |l 0  |o 811 LAS  |p 741  |r 2024-07-17 19:37:29  |w 2024-07-17  |y BK 
999 |c 1458  |d 1458